000 00555nam a2200193Ia 4500
005 20250508153312.0
008 008 250505s9999 xx 000 0 eng d
037 _aTextual
040 _aFEDL
_beng
_cFEDL
041 _aeng
_2eng
084 _a155, AND
_qFEDL
100 _aAnderson John E.
245 0 _aPsychology of development and personal adjustment
260 _aNew York, USA
_bHenry Holt and Company
_c1949
300 _axvi,720p
650 _aDevelopmental psychology
942 _cTEXL
_h155, AND
999 _c1341860
_d1341860